00662cam a2200205 a 4500001000500000005001700005020001800022040002300040050002400063082001200087100002700099245003600126260003400162300005800196505000800254520012800262521002300390521002000413650002300433159720240108093424.0 a9780590930031 aDLCcDLCdDLCbeng00aPZ7.S52865bNo 199800a8132211 aShannon, David,d1959-10aNo, David! /cby David Shannon. aNew York :bScholastic,c1998 a30 unnumbered pages : bColor illustrations ; c29 cm aC  aA young boy is depicted doing a variety of naughty things for which he is repeatedly admonished, but finally he gets a hug. a100 bLexile AD  aC bRaz-Plus  1aBehaviorxFiction.